| 000 | 00784nam a2200229 a 4500 | ||
|---|---|---|---|
| 999 |
_c7968 _d7968 |
||
| 001 | 7968 | ||
| 003 | BD-JhCC | ||
| 005 | 20180217095741.0 | ||
| 008 | 180217s1965 bg |||| || | 000 0 ben d | ||
| 035 | _a(BD-JhCC)7968 | ||
| 040 |
_aBD-JhCC _dBD-JhCC |
||
| 041 | _aben | ||
| 082 |
_a352.232330973 _bSOR 1965 |
||
| 100 | _aসোরেন, থিওডোর সি. | ||
| 245 |
_aশ্বেতভবনের অভ্যন্তরে / _cথিওডোর সি. সোরেন, |
||
| 260 |
_aঢাকা : _bজিন্নাত পাবলিশার্স _c1965 |
||
| 300 |
_a69 p. : _c23 cm. |
||
| 650 |
_aPresidents _xDecision making _zUnited States |
||
| 700 | _aখাতুন, রোকেয়া (অনুবাদ) | ||
| 942 |
_2ddc _cBK |
||